000 01043cam a22002531 4500
001 sg 46000094
003 DLC
005 20260227112748.0
008 770812s1946 xx 000 0 eng c
010 _asg 46000094
035 _a(OCoLC)3184295
040 _aU.S. Surg.-gen off. Libr.
_cOC
_dOClW-H
_dDLC
050 0 0 _aRT71
_b.S55 1946
082 _a610.73
100 1 _aSpalding, Eugenia Kennedy,
_d1896-1978.
245 1 0 _aProfessional adjustments in nursing;
_bfor senior students and graduates,
_cby Eugenia Kennedy Spalding.
250 _a3d ed., rev. and reset.
_b32 illustrations.
260 _aPhiladelphia, [etc.]
_bJ.B. Lippincott company
_c[1946]
300 _axxix, 509 (i.e. 511) p. incl. illus., tables, double form, diagrs.
_b2 pl. on 1 l.
_c21 cm.
500 _aPublished in 1939 under title: Professional adjustments in nursing.
504 _a"Bibliography and suggested references" at end of each chapter.
650 0 _aNursing.
700 1 _aSpalding, Eugenia Kennedy,
_d1896-1978.
_tProfessional adjustments in nursing.
999 _c90731
_d90731